• 首页
  • 本馆介绍
  • 公告通知
  • 最新文献
  • 馆藏检索
  • 电子资源
  • 读者导购
  • 参考咨询
  • 我的图书馆
  • 登录
  • 详细信息显示
  • 放入我的书架
  • 预约/预借图书
  • 作者相关作品
  • 分类相关作品
  • 丛书相关作品
  • 出版社相关作品

书目信息

  • 表格格式
  • 工作单格式
  • 卡片格式
题名:
传统视觉符号与室内设计
    
 
作者: 黄白 著
分册:  
出版信息: 长春   吉林大学出版社  2017.7
页数: 268页
开本: 24cm
丛书名:
单 册:
中图分类: TU-092 , TU238
科图分类:
主题词: 古建筑--建筑装饰--图形符号--研究--中国 , 室内装饰设计--研究--中国
电子资源:
ISBN: 978-7-5677-6734-8
000 00925nam0 2200253 450
001 0400009468
005 20171121101353.18
010    @a978-7-5677-6734-8@dCNY49.00
100    @a20171018d2017 em y0chiy50 ea
101 0  @achi
102    @aCN@b220000
105    @aak z 000yy
106    @ar
200 1  @a传统视觉符号与室内设计@Achuan tong shi jue fu hao yu shi nei she ji@f黄白著
210    @a长春@c吉林大学出版社@d2017.7
215    @a268页@c图@d24cm
330    @a本书分六章,内容包括:中国传统文化与视觉符号;现代室内设计的文化表现;传统视觉符号于室内设计之应用方法;传统视觉符号于室内设计之应用手段;传统视觉符号于室内设计之应用具体案例解析;当代室内设计对传统文化的继承。
606 0  @a古建筑@x建筑装饰@x图形符号@x研究@y中国
606 0  @a室内装饰设计@x研究@y中国
690    @aTU-092@v5
690    @aTU238@v5
701  0 @a黄白@AHuang Bai@4著
801  0 @aCN@b上海新华@c20171121
905    @b1029026-30@dTU-092@e194@f5
    
    传统视觉符号与室内设计/黄白著.-长春:吉林大学出版社,2017.7
    268页:图;24cm
    
    
    ISBN 978-7-5677-6734-8:CNY49.00
    本书分六章,内容包括:中国传统文化与视觉符号;现代室内设计的文化表现;传统视觉符号于室内设计之应用方法;传统视觉符号于室内设计之应用手段;传统视觉符号于室内设计之应用具体案例解析;当代室内设计对传统文化的继承。
●
相关链接 在E读中查询图书 在五车中查询图书 在当当中查询图书 在豆瓣中查询图书


正题名:传统视觉符号与室内设计     索取号:TU-092/194         预约/预借

序号 登录号 条形码 馆藏地/架位号 状态 备注
1 1029026   210290264   第二样本阅览室/ [索取号:TU-092/194] 在馆    
2 1029027   210290273   密集书库-生命科学系/ [索取号:TU-092/194] 在馆    
3 1029028   210290282   第三借阅区/ [索取号:TU-092/194] 在馆    
4 1029029   210290291   第三借阅区/ [索取号:TU-092/194] 在馆    
5 1029030   210290308   第三借阅区/ [索取号:TU-092/194] 在馆    
唐山师范学院图书馆 欢迎您!
大连网信软件有限公司© 版权所有